000 00328 a2200133 4500
999 _c324977
_d324977
001 89904
003 NUST
082 _a823.912 BLY
100 _aBlyton Grid
_99900
245 _aThe six bad boys
_cGrid Blyton
_hEnglish
260 _aLondon
_bAward Publication
_c2012
300 _a224p.
500 _aGeneral Books
942 _aCAE NUST
_cBK
_k823.912 BLY
_2ddc